| 000 | pam a22 a 4500 | ||
|---|---|---|---|
| 999 |
_c3718 _d3718 |
||
| 003 | AKMAL | ||
| 005 | 20170523155350.0 | ||
| 008 | 170523s1982 xxua b 001 0 eng d | ||
| 020 | _a0442270658 | ||
| 020 | _a0442263910 | ||
| 040 |
_aAKMAL _cAKMAL |
||
| 043 | _an-us--- | ||
| 082 | 0 | 4 | _a720.68 ORR |
| 090 |
_a720.68 _bORR d |
||
| 100 | 1 |
_aOrr, Frank, _d1932- _97347 |
|
| 245 | 1 | 0 |
_aProfessional practice in architecture / _cFrank Orr. |
| 260 |
_aNew York : _bV.N. Reinhold Co., _cc1982. |
||
| 300 |
_aix, 149 p. : _bill. ; _c23cm. |
||
| 504 | _aBibliography: p. 126-127. | ||
| 650 | 0 |
_aArchitectural practice _zUnited States _97348 |
|
| 942 |
_2ddc _cBOOK |
||